Paris, capital of modernity

Αποθηκεύτηκε σε:
Λεπτομέρειες βιβλιογραφικής εγγραφής
Κύριος συγγραφέας: Harvey, David, 1935-
Μορφή: Βιβλίο
Γλώσσα:English
Δημοσίευση: New York : Routledge, 2003
Θέματα:
Ετικέτες: Προσθήκη ετικέτας
Δεν υπάρχουν, Καταχωρήστε ετικέτα πρώτοι!

MARC

LEADER 00000nam a2200000 i 4500
001 1/30657
008 060601s2003 eng d
020 |a 0-415-94421-X 
035 |l 10084204 
040 |a GR-MY-UA  |b gre  |e aacr 
041 0 |a eng 
082 0 |a 944.07  |2 (22) 
100 1 |a Harvey, David,   |d 1935- 
245 1 0 |a Paris, capital of modernity /  |c David Harvey 
260 |a New York :   |b Routledge,   |c 2003 
300 |a xi, 372 σ.;  |b εικ.;  |c 25 εκ. 
504 |a Περιέχει βιβλιογραφία (σ. 355-362) και ευρετήριο 
651 0 |a Paris (France)  |x Civilization  |y 19th century. 
651 0 |a France  |x History  |y Second Empire, 1852-1870. 
852 |a INST  |b LESVOS  |e 20060601  |h 944.07 HAR  |p 005100035811  |q 005100035811  |t BK  |y 0 
901 |a BIBL1-2006-2 
909 |a Λ  |b 128575 
920 |a ΕΠΕΑΕΚ ΚΟΙΝΩΝΙΚΗΣ ΑΝΘΡΩΠΟΛΟΓΙΑΣ ΚΑΙ ΙΣΤΟΡΙΑΣ  |y ΛΕΣΒΟΣ  |z 2006-05 
970 |a ΚΑΡΑ  |b ΓΙΑΣΕΜΗ  |z 2006/06/01